| 000 | 01203nam a22002297a 4500 | ||
|---|---|---|---|
| 001 | 121108 | ||
| 008 | 160218b2019 xxu||||| |||| 00| 0 eng d | ||
| 020 | _a9781783213702 | ||
| 041 | _aeng | ||
| 110 | 2 | _aInternational Property Measurement Standards Coaliton | |
| 245 |
_aInternational Property Measurement Standards _bRetail buildngs _h[electronic resource] |
||
| 260 |
_aLondon _bIPMSC _c2019 |
||
| 300 | _a69p | ||
| 490 | _aInternational Property Measurement Standards | ||
| 520 | _aSets out International Property Measurement Standards for the measurement of retail buildings. Outlines their aim and scope, explains the principles of measurement and calculation with reference to worked examples, lists the IPMS standards (and their principal uses) IPMS 1 (External), IPMS 2 – Retail (Internal),IPMS 3A – Retail (Occupier), IPMS 3B – Retail (Occupier) and IPMS 3C – Retail (Occupier). Concludes with technical data. | ||
| 650 | _aInternational Property Measurement Standards | ||
| 650 | _aRetail | ||
| 651 | _aInternational | ||
| 690 |
_96256 _aMeasurement |
||
| 856 |
_uhttps://ipmsc.org/wp-content/uploads/2019/09/ipms-retail.pdf _zAvailable on IPMSC archive |
||
| 942 | _n0 | ||
| 999 |
_c121108 _d121108 |
||